00000000nam##2200000za#4500
0019.571618
003CaOODSP
00520211126112844
007cr |||||||||||
008150406|2002||||xxc|||||o    f|0| 0 eng|d
022 |a1701-9397
040 |aCaOODSP|beng
043 |an-cn---
0861 |aFB3-2/102-9E-PDF
1102 |aBank of Canada.
24514|aThe microstructure of multiple-dealer equity and government securities markets : |h[electronic resource]|bhow they differ / |cby Toni Gravelle.
260 |aOttawa - Ontario : |bBank of Canada |cApril 2002.
300 |a41p.|btable
4901 |aBank of Canada working paper|x1701-9397|v2002-9
500 |a"Although dealership government and equity securities have, on the surface, similar market structures, the author demonstrates that some subtle differences exist between them that are likely to significantly affect the way market-makers trade, and as such have an impact on the liquidity that they provide. The author reviews some of the concepts recently introduced in the literature, examining multiple-dealer equity markets, and delineates gaps that exist in this literature in terms of its applicability to government securities markets."--Abstract, p. v.
500 |aThe ISSN (1192-5434) for the print edition has been incorrectly copied in this electronic publication.
504 |aBibliography.
546 |aRésumé en français.
590 |a11-19-Supp|b2011-09-23
69007|aStock markets|2gcpds
69007|aSecurities|2gcpds
69007|aBonds|2gcpds
69007|aModels|2gcpds
7201 |aGravelle, Toni
7760#|tThe microstructure of multiple-dealer equity and government securities markets : |w(CaOODSP)9.615960
830#0|aWorking paper (Bank of Canada)|x1701-9397|v2002-9|w(CaOODSP)9.504604
85640|ahttp://publications.gc.ca|qPDF|s144 KB|uhttps://publications.gc.ca/collections/Collection/FB3-2-102-9E.pdf|y2002-9